(Registro nro. 1645)

Detalles MARC
000 -CABECERA
campo de control de longitud fija 00995nam a22002774a 4500
003 - IDENTIFICADOR DEL NÚMERO DE CONTROL
campo de control AR-RoIUNI
005 - FECHA Y HORA DE LA ÚLTIMA TRANSACCIÓN
campo de control 20160429123611.0
008 - DATOS DE LONGITUD FIJA--INFORMACIÓN GENERAL
campo de control de longitud fija 150616s2010 ag r 001 0 spa d
020 ## - NÚMERO INTERNACIONAL ESTÁNDAR DEL LIBRO
Número Internacional Estándar del Libro 9789501242256
040 ## - FUENTE DE LA CATALOGACIÓN
Centro/agencia transcriptor
080 ## - NÚMERO DE LA CLASIFICACIÓN DECIMAL UNIVERSAL
Número de la Clasificación Decimal Universal 159.9
100 1# - ENTRADA PRINCIPAL--NOMBRE DE PERSONA
Nombre de persona Hornstein, Luis.
245 ## - MENCIÓN DE TÍTULO
Título Narcisismo :
Resto del título autoestima, identidad, alteridad /
Mención de responsabilidad, etc. Luis Hornstein.
250 ## - MENCIÓN DE EDICIÓN
Mención de edición 1a ed., 3a reimpr.
260 ## - PUBLICACIÓN, DISTRIBUCIÓN, ETC. (PIE DE IMPRENTA)
Lugar de publicación, distribución, etc. Buenos Aires :
Nombre del editor, distribuidor, etc. Paidós,
Fecha de publicación, distribución, etc. 2010.
300 ## - DESCRIPCIÓN FÍSICA
Extensión 296 p.
Dimensiones 22 cm.
490 ## - MENCIÓN DE SERIE
Mención de serie Psicología profunda ;
Designación de volumen o secuencia 225
500 ## - NOTA GENERAL
Especificación de materiales Incluye índice.
504 ## - NOTA DE BIBLIOGRAFÍA, ETC.
Bibliografía, etc.
505 2# - NOTA DE CONTENIDO CON FORMATO
Nota de contenido con formato Parte I. Introducción -- Parte II. Narcisismo: encuentro-sujeto-devenir -- Parte III. Narcisismo: pulsiones y Edipo -- Parte IV. Narcisismo y tópicas -- Parte V. Narcisismo, creación y autoestima -- Parte VI. Narcisismo y límites del psicoanálisis.
650 #4 - PUNTO DE ACCESO ADICIONAL DE MATERIA--TÉRMINO DE MATERIA
Término de materia o nombre geográfico como elemento inicial PSICOLOGÍA
650 #4 - PUNTO DE ACCESO ADICIONAL DE MATERIA--TÉRMINO DE MATERIA
Término de materia o nombre geográfico como elemento inicial PSICOANÁLISIS
650 #4 - PUNTO DE ACCESO ADICIONAL DE MATERIA--TÉRMINO DE MATERIA
Término de materia o nombre geográfico como elemento inicial NARCISISMO
650 #4 - PUNTO DE ACCESO ADICIONAL DE MATERIA--TÉRMINO DE MATERIA
Término de materia o nombre geográfico como elemento inicial AUTOESTIMA
942 ## - ELEMENTOS DE PUNTO DE ACCESO ADICIONAL (KOHA)
Tipo de ítem Koha Libros
Fuente del sistema de clasificación o colocación Clasificación Decimal Universal
Existencias
Estado de retiro Estado de pérdida Fuente del sistema de clasificación o colocación Estado dañado Excepción de préstamo Código de colección Localización permanente Ubicación/localización actual Ubicación en estantería Fecha de adquisición Número de inventario Total de préstamos Renovaciones totales Signatura topográfica completa Código de barras Fecha visto por última vez Fecha del último préstamo Número de copia Precio válido a partir de Tipo de ítem Koha
    Clasificación Decimal Universal     Psicología BIBLIOTECA RIOBAMBA BIBLIOTECA RIOBAMBA BIBLIOTECA RIOBAMBA 16/06/2015 1646 2 4 159.9 HOR 1646 11/10/2022 08/08/2022 1 16/06/2015 Libros